003490000a220010900045001000022000002450038000223000036000607730028000969420008001249520090001329990017002221 aReyes, Luz Marina10aViolencia y maltrato a la niñez aNúm 6 (1995), Páginas 28-360 tMision evangélica hoy cANA 001040708HEMaFUSBCbFUSBCd2016-01-26l0o r2016-01-26 00:00:00w2016-01-26yANA c51870d51870